<?xml version="1.0" encoding="UTF-8"?>
<collection xmlns="http://www.loc.gov/MARC21/slim">
 <record>
  <leader>01120nam a2200277 a 4500</leader>
  <controlfield tag="001">3826</controlfield>
  <controlfield tag="003">BD-DhAAL</controlfield>
  <controlfield tag="005">20150215124411.0</controlfield>
  <controlfield tag="008">150215s1997    enka     b    001 0 eng  </controlfield>
  <datafield tag="010" ind1=" " ind2=" ">
   <subfield code="a">   96049487 </subfield>
  </datafield>
  <datafield tag="020" ind1=" " ind2=" ">
   <subfield code="a">0582278260</subfield>
  </datafield>
  <datafield tag="040" ind1=" " ind2=" ">
   <subfield code="a">DLC</subfield>
   <subfield code="c">DLC</subfield>
   <subfield code="d">DLC</subfield>
   <subfield code="d">BD-DhAAL</subfield>
  </datafield>
  <datafield tag="050" ind1="0" ind2="0">
   <subfield code="a">HQ1075.5.E5</subfield>
   <subfield code="b">G46 1997</subfield>
  </datafield>
  <datafield tag="082" ind1="0" ind2="0">
   <subfield code="a">305.3/0942/09033</subfield>
   <subfield code="2">21</subfield>
  </datafield>
  <datafield tag="245" ind1="0" ind2="0">
   <subfield code="a">Gender in eighteenth-century England :</subfield>
   <subfield code="b">roles, representations, and responsibilities /</subfield>
   <subfield code="c">edited by Hannah Barker and Elaine Chalus.</subfield>
  </datafield>
  <datafield tag="260" ind1=" " ind2=" ">
   <subfield code="a">London ;</subfield>
   <subfield code="a">New York :</subfield>
   <subfield code="b">Addison Wesley Longman,</subfield>
   <subfield code="c">1997.</subfield>
  </datafield>
  <datafield tag="300" ind1=" " ind2=" ">
   <subfield code="a">xi, 266 p. :</subfield>
   <subfield code="b">ill. ;</subfield>
   <subfield code="c">22 cm.</subfield>
  </datafield>
  <datafield tag="504" ind1=" " ind2=" ">
   <subfield code="a">Includes bibliographical references (p. 250-260) and index.</subfield>
  </datafield>
  <datafield tag="541" ind1=" " ind2=" ">
   <subfield code="e">3826</subfield>
  </datafield>
  <datafield tag="650" ind1=" " ind2="0">
   <subfield code="a">Sex role</subfield>
   <subfield code="z">England</subfield>
   <subfield code="x">History</subfield>
   <subfield code="y">18th century.</subfield>
   <subfield code="9">8464</subfield>
  </datafield>
  <datafield tag="650" ind1=" " ind2="0">
   <subfield code="a">Women</subfield>
   <subfield code="z">England</subfield>
   <subfield code="x">History</subfield>
   <subfield code="y">Modern period, 1600-</subfield>
   <subfield code="9">8465</subfield>
  </datafield>
  <datafield tag="700" ind1="1" ind2=" ">
   <subfield code="a">Barker, Hannah.</subfield>
   <subfield code="9">8466</subfield>
  </datafield>
  <datafield tag="700" ind1="1" ind2=" ">
   <subfield code="a">Chalus, Elaine.</subfield>
   <subfield code="9">8467</subfield>
  </datafield>
  <datafield tag="942" ind1=" " ind2=" ">
   <subfield code="2">ddc</subfield>
   <subfield code="c">BK</subfield>
  </datafield>
  <datafield tag="999" ind1=" " ind2=" ">
   <subfield code="c">33708</subfield>
   <subfield code="d">33708</subfield>
  </datafield>
  <datafield tag="952" ind1=" " ind2=" ">
   <subfield code="0">0</subfield>
   <subfield code="1">0</subfield>
   <subfield code="2">ddc</subfield>
   <subfield code="4">0</subfield>
   <subfield code="6">305_309420903300000_GEN</subfield>
   <subfield code="7">0</subfield>
   <subfield code="9">52648</subfield>
   <subfield code="a">SCL</subfield>
   <subfield code="b">SCL</subfield>
   <subfield code="c">GEN</subfield>
   <subfield code="d">2015-02-15</subfield>
   <subfield code="e">Gift: The British Council</subfield>
   <subfield code="l">0</subfield>
   <subfield code="o">305.3094209033 GEN</subfield>
   <subfield code="p">3020003826</subfield>
   <subfield code="r">2015-02-15</subfield>
   <subfield code="t">1</subfield>
   <subfield code="w">2015-02-15</subfield>
   <subfield code="y">BK</subfield>
  </datafield>
 </record>
</collection>
